000 00578nam a22001337a 4500
008 230619b xxu||||| |||| 00| 0 eng d
020 _a0844401641
082 _a016.97
_bORR
100 _cOliver H.Orr, Jr
245 _aA guide of the study of the United States of America
_bRepresentative Books Reflecting the Development of American Life and Thought
_cPrepared under the direction of Roy P.Basler by oliver H.Orr,Jr and the staff of the bibiliography and reference Correspondence Section
260 _aWashington
_bLibrary of Congress
_c1976
300 _a525p
942 _2ddc
_cBK
999 _c1178
_d1178